Geography Quiz

Random Geography or State Quiz
Score 0/20 Timer 02:00
0 Plays Today
Year Abolished State % Correct
2007New York
89.2%
1887Maine
85%
1972Vermont
81.5%
2018Washington
74.3%
1984Rhode Island
72.9%
1984Massachusetts
71.9%
2012Connecticut
70.7%
2007New Jersey
70.4%
1846Michigan
68.8%
1957Hawaii
66.4%
Year Abolished State % Correct
2011Illinois
65.9%
2013Maryland
64.5%
1957Alaska
62.4%
1911Minnesota
62%
2016Delaware
59.9%
1853Wisconsin
59.9%
1965Iowa
57.4%
1975North Dakota
54.1%
2009New Mexico
44.9%
1965West Virginia
39.4%
Remove Ads.
Support Sporcle.
Get the best of Sporcle when you Go Orange. This ad-free experience offers more features, more stats, and more fun while also helping to support Sporcle. Thank you for becoming a member.

You're not logged in!

Compare scores with friends on all Sporcle quizzes.
OR
Log In

Show Comments

Extras

Top Quizzes Today


Score Distribution

Your Account Isn't Verified!

In order to create a playlist on Sporcle, you need to verify the email address you used during registration. Go to your Sporcle Settings to finish the process.

Report this User

Report this user for behavior that violates our Community Guidelines.

Details: